000 00635nam a2200217Ia 4500
005 20241129111441.0
008 241129s9999||||xx |||||||||||||| ||und||
020 _a978-93-90887-04-0
037 _aTB
040 _aCRL
_beng
_cCRL
041 _aurd
_2urd
084 _aO168,3N62:g R2
_qCRL
100 _aDelhi Mohammad Shahzad Au.
_9724444
245 0 _aMusharraf Alam Zauqi ka fiction
_cDelhi Mohammad Shahzad Au.
260 _aLucknow, India
_bMatterlink Publishers
_c2022
300 _a287p.
365 _aINR
_b600
650 _aUrdu Fiction
_93298
942 _cTB
_hO168,3N62:g R2
999 _c1230526
_d1230526